000 00697nam a22002537a 4500
003 CHAP
005 20220329140827.0
008 971013s1953 r 00010 d
010 _a58230
011 _a59202
035 _a63360
040 _cCHAP
082 _a636.592
_bP7
100 0 0 _aPrier, James E.
_991598
245 _aTurkey diseases
260 _aDanville, Ill. :
_bInterstate,
_c1953
300 _a151 p.
_b: ilus.
590 _aBATCH-UPD
_b10
_c20130110
_lUCH01
_h0752
590 _aCONVERSION
_b10
_c20130109
_lUCH01
_h1331
650 1 4 _aPavos
_xEnfermedades.
_986305
901 _aBK
942 _cLIBRO
949 _a636.592 P7
_bBC
_cLIBRO
_d33724000105862
_eLIBRO
_h39770
_i63360
_mD
_si
999 _c58230
_d58230